000 00371nam a2200145Ia 4500
008 151213s9999 xx 000 0 und d
100 _aMalvina G. Vagol
245 _aIllustrated Classic Editions
_cMalvina G. Vagol
260 _aNew York
_bBoronet Books
300 _a3122 p.
650 _aReference
650 _aReligion
700 _aMalvina G. Vagol
999 _c2147
_d2147